| 000 | 00583nam a2200181 i 4500 | ||
|---|---|---|---|
| 001 | 187720 | ||
| 003 | ES-MaACL | ||
| 005 | 20230906223020.0 | ||
| 008 | 180205s1950 sp |||| | spa d | ||
| 100 | 1 |
_aHummel, Alfred. _9164188 |
|
| 245 | 1 | 0 |
_aProntuario del hormigón _b:hormigones normales, hormigones ligeros / _cAlfred Hummel ; [traducido por G. Metzger]. |
| 250 | _a[1ª ed. española]. | ||
| 260 |
_aBarcelona : _bPalestra, _c[1950?] |
||
| 300 |
_a336 p. : _bil. ; _c23 cm. |
||
| 650 | 4 |
_aHormigón. _9164178 |
|
| 700 | 0 |
_aMetzger, G. _980749 |
|
| 852 |
_aES-MaACL _jC-6757 |
||
| 999 |
_c187720 _d187720 |
||